000 01195nam a2200289 a 4500
001 BRCA_6797
005 20190320205608.0
008 031111s1903----enka######---#000-0#eng-#
041 _aeng
044 _aenk
050 4 _aPZ3
_b.N49 3 1903
100 1 _aThackeray, William Makepeace
_d1811-1863
_916946
245 1 0 _aThe book of snobs, christmas books and sketches and travels in London
_cby William Makepeace Thackeray.
260 _aLondres
_bThomas Nelson and Sons
_c1903
300 _a1 v. (en varias paginaciones)
_bil.
_c16 cm.
440 0 _aNew century library. The works of William Makepeace Thackeray
_vv.6
_916947
500 _aEdición dividida en 3 temas: 1. The book of snobs: sketches of life and character etc. etc. 2. The christmas books of Mr. M. A. Titmarsh. 3. Sketches and travels in London
500 _aEdición con canto de cabeza dorado
500 _aEstado físico: lomo deteriorado, última hoja rota y antecubierta floja
500 _aVer también N5, N6 y N8
500 _aN7
650 1 4 _aLiteratura inglesa
_916948
740 0 _aThe christmas books of Mr. M. A. Titmarsh
740 0 _aSketches and travels in London
902 _aGFM
942 _2lcc
_cB
999 _c6480
_d6480